000
00297nas a22001337a 4500
001
T027600012921-00
008
190830b xxu||||| |||| 00| 0 esp |
040
_a
FEVP
_c
FEVP
245
_a
América XXI
260
_c
200806%
300
_a
50p.
650
_a
Integración--América Latina
942
_c
REV
999
_c
18312
_d
18312